Castillos medioevales de Nabarra (sic) / (Record no. 176340)

MARC details
000 -LEADER
campo de control de longitud fija 00996nam a2200253 i 4500
001 - NÚMERO DE CONTROL
campo de control 176340
003 - IDENTIFICADOR DE NÚMERO DE CONTROL
campo de control ES-MaACL
005 - FECHA Y HORA DE LA ÚLTIMA TRANSACCIÓN
campo de control 20250811103414.0
008 - DATOS DE LONGITUD FIJA--INFORMACIÓN GENERAL
campo de control de longitud fija 910101s19341936sp acfo |||| | spa d
080 ## - NÚMERO DE LA CLASIFICACIÓN DECIMAL UNIVERSAL
Número de la Clasificación Decimal Universal 728.81(460.16)
100 1# - ENTRADA PRINCIPAL--NOMBRE DE PERSONA
Nombre de persona Altadill, Julio.
9 (RLIN) 20507
245 10 - MENCIÓN DEL TÍTULO
Título Castillos medioevales de Nabarra (sic) /
Mención de responsabilidad, etc. por Julio Altadill.
260 ## - PUBLICACIÓN, DISTRIBUCIÓN, ETC.
Lugar de publicación, distribución, etc. Zarauz :
Nombre del editor, distribuidor, etc. Itxaropena,
Fecha de publicación, distribución, etc. 1934-1936.
300 ## - DESCRIPCIÓN FÍSICA
Extensión 3 v. ;
Dimensiones 19 cm.
490 1# - MENCIÓN DE SERIE
Mención de serie Colección Zabalkundea ;
Designación de volumen o secuencia 5, 8, 20
490 1# - MENCIÓN DE SERIE
Mención de serie Ciencias, bellas artes y letras ;
Designación de volumen o secuencia 5, 8, 20
505 8# - NOTA DE CONTENIDO CON FORMATO
Nota de contenido con formato Contiene: v. 1 (150 p., ([3] h., [10] p.) de lám.) - v. 2 (186 p., ([3] h., [10] p.) de lám.) - v. 3 (124 p., [8] p. de lám.)
650 #7 - PUNTO DE ACCESO ADICIONAL DE MATERIA--TÉRMINO DE MATERIA
Término de materia o nombre geográfico como elemento de entrada Castillos-
Subdivisión geográfica Navarra (Comunidad Autónoma)
9 (RLIN) 148749
830 0# - PUNTO DE ACCESO ADICIONAL DE SERIE-TÍTULO UNIFORME
Título uniforme Colección Zabalkundea ;
Designación de volumen o secuencia 5, 8, 20
9 (RLIN) 224003
830 00 - PUNTO DE ACCESO ADICIONAL DE SERIE-TÍTULO UNIFORME
Título uniforme Ciencias, bellas artes y letras
Designación de volumen o secuencia 5, 8, 20
9 (RLIN) 224004
852 ## - LOCALIZACIÓN
Ubicación ES-MaACL
Número de control de estantería G-11002-04
Nota libre . - tela
852 ## - LOCALIZACIÓN
Ubicación ES-MaACL
Número de control de estantería C-16669
Nota libre .- Vol. II
Holdings
Estatus retirado Estado de pérdida Estado de daño No para préstamo Biblioteca de origen Biblioteca actual Ubicación en estantería Fecha de adquisición Fuente de adquisición Total de préstamos Signatura topográfica completa Código de barras Visto por última vez Precio de reemplazo Tipo de ítem Koha
        Biblioteca del Ateneo de Madrid Biblioteca del Ateneo de Madrid Sala Pecera Planta 3 10/01/2011     G-11002-04 1185197 23/02/2023 23/02/2023 Libro impreso
        Biblioteca del Ateneo de Madrid Biblioteca del Ateneo de Madrid Galería 14/08/2015     C-16669 1194020 23/02/2023 23/02/2023 Libro impreso